La política en discusión (Record no. 21448)

MARC details
000 -LEADER
campo de control de longitud fija 01508nmm a2200541 a 4500
003 - IDENTIFICADOR DE NÚMERO DE CONTROL
campo de control AR-Y00000XR
005 - FECHA Y HORA DE LA ÚLTIMA TRANSACCIÓN
campo de control 20251128211859.0
008 - DATOS DE LONGITUD FIJA--INFORMACIÓN GENERAL
campo de control de longitud fija 037020s2002 ||||||||||||||000 | spa||
020 ## - NÚMERO INTERNACIONAL ESTÁNDAR DEL LIBRO
Número Internacional Estándar del Libro 987-500-072-8
040 ## - FUENTE DE CATALOGACIÓN
Centro/agencia transcriptor AR-Y00000XR
245 10 - MENCIÓN DEL TÍTULO
Título La política en discusión
260 ## - PUBLICACIÓN, DISTRIBUCIÓN, ETC.
Lugar de publicación, distribución, etc. Buenos Aires
Nombre del editor, distribuidor, etc. FLACSO
Fecha de publicación, distribución, etc. 2002
Nombre del editor, distribuidor, etc. Manantial
300 0# - DESCRIPCIÓN FÍSICA
Extensión 349 p.
650 #4 - PUNTO DE ACCESO ADICIONAL DE MATERIA--TÉRMINO DE MATERIA
Término de materia o nombre geográfico como elemento de entrada POLITICA ARGENTINA
650 #4 - PUNTO DE ACCESO ADICIONAL DE MATERIA--TÉRMINO DE MATERIA
Término de materia o nombre geográfico como elemento de entrada PARTIDOS POLITICOS ARGENTINOS
650 #4 - PUNTO DE ACCESO ADICIONAL DE MATERIA--TÉRMINO DE MATERIA
Término de materia o nombre geográfico como elemento de entrada CRISIS POLITICAS
650 #4 - PUNTO DE ACCESO ADICIONAL DE MATERIA--TÉRMINO DE MATERIA
Término de materia o nombre geográfico como elemento de entrada REFORMA POLITICA
650 #4 - PUNTO DE ACCESO ADICIONAL DE MATERIA--TÉRMINO DE MATERIA
Término de materia o nombre geográfico como elemento de entrada POLITICA ECONOMICA
650 #4 - PUNTO DE ACCESO ADICIONAL DE MATERIA--TÉRMINO DE MATERIA
Término de materia o nombre geográfico como elemento de entrada POLITICA GUBERNAMENTAL
650 #4 - PUNTO DE ACCESO ADICIONAL DE MATERIA--TÉRMINO DE MATERIA
Término de materia o nombre geográfico como elemento de entrada ESTADO Y SOCIEDAD
650 #4 - PUNTO DE ACCESO ADICIONAL DE MATERIA--TÉRMINO DE MATERIA
Término de materia o nombre geográfico como elemento de entrada PROTESTA SOCIAL
651 #4 - PUNTO DE ACCESO ADICIONAL DE MATERIA--NOMBRE GEOGRÁFICO
Nombre geográfico Argentina
653 ## - TÉRMINO DE INDIZACIÓN--NO CONTROLADO
Término no controlado CACEROLAZO
700 1# - ENTRADA AGREGADA--NOMBRE PERSONAL
Nombre de persona Fazio, Horacio
Término indicativo de función/relación coordinador
700 1# - ENTRADA AGREGADA--NOMBRE PERSONAL
Nombre de persona Adrogué, Gerardo
700 1# - ENTRADA AGREGADA--NOMBRE PERSONAL
Nombre de persona Alvarez, Carlos
700 1# - ENTRADA AGREGADA--NOMBRE PERSONAL
Nombre de persona Argumedo, Alcira
700 1# - ENTRADA AGREGADA--NOMBRE PERSONAL
Nombre de persona Borón, Atilio A.
700 1# - ENTRADA AGREGADA--NOMBRE PERSONAL
Nombre de persona Cheresky, Isidoro
700 1# - ENTRADA AGREGADA--NOMBRE PERSONAL
Nombre de persona Damill, Mario
700 1# - ENTRADA AGREGADA--NOMBRE PERSONAL
Nombre de persona Del Bello, Juan Carlos
700 1# - ENTRADA AGREGADA--NOMBRE PERSONAL
Nombre de persona Del Piero, Pedro
700 1# - ENTRADA AGREGADA--NOMBRE PERSONAL
Nombre de persona Di Tella, Torcuato S.
700 1# - ENTRADA AGREGADA--NOMBRE PERSONAL
Nombre de persona Escolar, Marcelo
700 1# - ENTRADA AGREGADA--NOMBRE PERSONAL
Nombre de persona Feinmann, José Pablo
700 1# - ENTRADA AGREGADA--NOMBRE PERSONAL
Nombre de persona Fraga, Rosendo
700 1# - ENTRADA AGREGADA--NOMBRE PERSONAL
Nombre de persona Lo Vuolo, Rubén
700 1# - ENTRADA AGREGADA--NOMBRE PERSONAL
Nombre de persona Moreno Ocampo, Luis
700 1# - ENTRADA AGREGADA--NOMBRE PERSONAL
Nombre de persona Portantiero, Juan Carlos
700 1# - ENTRADA AGREGADA--NOMBRE PERSONAL
Nombre de persona Quevedo, Luis Alberto
700 1# - ENTRADA AGREGADA--NOMBRE PERSONAL
Nombre de persona Rodríguez, Jesús
700 1# - ENTRADA AGREGADA--NOMBRE PERSONAL
Nombre de persona Strasser, Carlos
700 1# - ENTRADA AGREGADA--NOMBRE PERSONAL
Nombre de persona Sturzenegger, Federico A.
700 1# - ENTRADA AGREGADA--NOMBRE PERSONAL
Nombre de persona Viglione, Abel
700 1# - ENTRADA AGREGADA--NOMBRE PERSONAL
Nombre de persona Zuleta Puceiro, Enrique
942 ## - ELEMENTOS DE ENTRADA SECUNDARIOS (KOHA)
Tipo de ítem Koha Libros
998 ## - INFORMACIÓN DE CONTROL LOCAL (RLIN)
Iniciales del catalogador, CIN (RLIN) me-solo cat
Holdings
Estatus retirado Estado de pérdida Fuente de la clasificación o esquema de estantería Estado de daño No para préstamo Biblioteca de origen Biblioteca actual Fecha de adquisición Total de préstamos Signatura topográfica completa Código de barras Visto por última vez Precio de reemplazo Tipo de ítem Koha
    Clasificación Decimal Dewey     Liberty Liberty 28/11/2025   32[82] FAZ 143471 28/11/2025 28/11/2025 Libros
    Clasificación Decimal Dewey     Liberty Liberty 28/11/2025   32[82] FAZ 143472 28/11/2025 28/11/2025 Libros